| 000 | 01740cam a22004214a 4500 | ||
|---|---|---|---|
| 999 |
_c232950 _d232950 |
||
| 001 | 13191914 | ||
| 003 | Nust | ||
| 005 | 20180117090024.0 | ||
| 008 | 030509s2003 dcua b 001 0 eng | ||
| 010 | _a 2003053513 | ||
| 020 | _a082135485X | ||
| 040 |
_aDLC _cDLC _dDLC |
||
| 042 | _apcc | ||
| 043 | _ad------ | ||
| 050 | 0 | 0 |
_aHF2651.F27 _bA2327 2004 |
| 082 | 0 | 0 |
_a382/.41 _221 |
| 245 | 0 | 0 |
_aAgriculture and the WTO : _bcreating a trading system for development / _cMerlinda D. Ingco and John D. Nash, editors. |
| 260 |
_aWashington, DC : _bWorld Bank, _c2004. |
||
| 300 |
_axvii, 387 p. : _bill. ; _c27 cm. |
||
| 500 | _a"A copublication with the World Bank and Oxford University Press." | ||
| 504 | _aIncludes bibliographical references and index. | ||
| 610 | 2 | 0 | _aWorld Trade Organization. |
| 650 | 0 | _aTariff on farm produce. | |
| 650 | 0 |
_aProduce trade _xGovernment policy. |
|
| 650 | 0 | _aExport subsidies. | |
| 650 | 0 | _aFree trade. | |
| 650 | 0 |
_aProduce trade _zDeveloping countries. |
|
| 650 | 0 |
_aAgriculture _xEconomic aspects _zDeveloping countries. |
|
| 650 | 0 |
_aGlobalization _xEconomic aspects _zDeveloping countries. |
|
| 651 | 0 |
_aDeveloping countries _xEconomic conditions _y21st century. |
|
| 700 | 1 | _aIngco, Merlinda D. | |
| 700 | 1 |
_aNash, John, _d1953- |
|
| 856 | 4 | 2 |
_3Publisher description _uhttp://www.loc.gov/catdir/enhancements/fy0614/2003053513-d.html |
| 906 |
_a7 _bcbc _corignew _d1 _eocip _f20 _gy-gencatlg |
||
| 942 |
_2ddc _cBK |
||